Loading...
Angane oru dinam
| Main Author: | |
|---|---|
| Format: | Printed Book |
| Published: |
THRISSUR
CURRENT BOOKS
2016
|
| LEADER | 00411nam a22001337a 4500 | ||
|---|---|---|---|
| 999 | |c 27743 |d 27743 | ||
| 020 | |a 9788122613780 | ||
| 082 | |a 894.812 4 |b SHA/AN | ||
| 100 | |a SHAH | ||
| 245 | |a Angane oru dinam | ||
| 260 | |a THRISSUR |b CURRENT BOOKS |c 2016 | ||
| 300 | |a 340 | ||
| 942 | |c BK | ||
| 952 | |0 0 |1 0 |4 0 |6 894_812000000000000_4_SHA_AN |7 0 |8 FIC |9 38904 |a KUFOS |b KUFOS |c GEN |d 2019-05-09 |o 894.812 4 SHA/AN |p 19466 |r 2019-05-09 |w 2019-05-09 |y BK | ||